000 00579nam a22002057a 4500
003 OSt
005 20251009122311.0
008 251009b |||||||| |||| 00| 0 eng d
020 _a1138626538
040 _cDDC
082 _a553.28 PAT 2017
100 _aPatil, Madhusadan; Gao, Changhong
_919445
245 _aDipmeter Surveys in Petroleum Exploration
260 _aBeijing;
_bScience press,
_c2017
300 _avi,244p. Ill: 25cm
504 _aReferences, & Appendix included
650 _aDipmeter
_919446
650 _aPetroleum exploration
_919447
942 _2z
_cO_SHELF
999 _c9555
_d9555